[Event "16. Obert Int. Sant Martí 2014 Grupo B"]
[Site "Barcelona ESP"]
[Date "2014.07.17"]
[Round "5.28"]
[White "Perez Garcia, Adria"]
[Black "Martin Sanchez, Antoni"]
[Result "1-0"]
[WhiteElo "1979"]
[BlackElo "1825"]
[PlyCount "97"]
[EventDate "2014.07.13"]
[EventType "swiss"]
[EventRounds "9"]
[EventCountry "ESP"]
[Source "lmi"]
[SourceDate "2014.07.13"]

1. e4 e6 2. d4 d5 3. Nc3 Nf6 4. Bg5 Be7 5. e5 Nfd7 6. Bxe7 Qxe7 7. f4 a6 8. Nf3
c5 9. dxc5 Nxc5 10. Bd3 Nxd3+ 11. cxd3 Nc6 12. O-O O-O 13. d4 Bd7 14. a3 Na5
15. Qd3 b5 16. Ng5 g6 17. Qh3 f6 18. exf6 Rxf6 19. Qe3 Nc4 20. Qe2 Rc8 21. Nxd5
Qg7 22. Nxf6+ Qxf6 23. Rad1 Kg7 24. Ne4 Qf5 25. Nc5 Rd8 26. Nxa6 Bc6 27. Nc5
Bd5 28. Nd3 Rc8 29. Ne5 Nd6 30. Rc1 Nc4 31. Nxc4 Bxc4 32. Qe5+ Qxe5 33. fxe5
Rd8 34. Rfd1 g5 35. Rc3 Kg6 36. Rf3 h6 37. Rf6+ Kh5 38. h3 Rh8 39. Rc1 g4 40.
hxg4+ Kxg4 41. a4 h5 42. axb5 Bxb5 43. Rxe6 h4 44. Rc3 Kf4 45. Rb6 Be2 46. e6
Bg4 47. e7 h3 48. gxh3 Bxh3 49. Rxh3 1-0

[Event "16. Obert Int. Sant Martí 2014 Grupo B"]
[Site "Barcelona ESP"]
[Date "2014.07.17"]
[Round "5.29"]
[White "Martin Palau, Roger"]
[Black "Sobrevia Castellar, Lluis"]
[Result "0-1"]
[WhiteElo "1750"]
[BlackElo "1975"]
[PlyCount "70"]
[EventDate "2014.07.13"]
[EventType "swiss"]
[EventRounds "9"]
[EventCountry "ESP"]
[Source "lmi"]
[SourceDate "2014.07.13"]

1. e4 d6 2. d4 e6 3. Nf3 g6 4. Be3 Bg7 5. Qd2 Nc6 6. Nc3 Bd7 7. Bc4 a6 8. a3
Qe7 9. d5 Ne5 10. Nxe5 Bxe5 11. O-O Bg7 12. Rad1 e5 13. Qd3 Nf6 14. f3 O-O 15.
g4 Ne8 16. Qd2 f5 17. Qg2 f4 18. Bf2 Bf6 19. Ne2 Kf7 20. Kh1 Bh4 21. Qh3 g5 22.
Ba2 Rh8 23. c4 h5 24. c5 hxg4 25. fxg4 Nf6 26. cxd6 cxd6 27. Qd3 Bxf2 28. Rxf2
Nxg4 29. Rdf1 Nxf2+ 30. Rxf2 Rh6 31. Qd1 Bg4 32. Qf1 Rah8 33. Ng1 Rh5 34. Rc2
Kf6 35. Qc1 Qh7 0-1

[Event "16. Obert Int. Sant Martí 2014 Grupo B"]
[Site "Barcelona ESP"]
[Date "2014.07.17"]
[Round "5.30"]
[White "Domenche Redondo, Francesc"]
[Black "Corominas Garrido, Jordi"]
[Result "1/2-1/2"]
[WhiteElo "1906"]
[BlackElo "2077"]
[PlyCount "39"]
[EventDate "2014.07.13"]
[EventType "swiss"]
[EventRounds "9"]
[EventCountry "ESP"]
[Source "lmi"]
[SourceDate "2014.07.13"]

1. d4 e6 2. Nf3 f5 3. c4 Nf6 4. Nc3 c6 5. Bg5 Be7 6. e3 O-O 7. Bd3 d5 8. Ne5
Ne4 9. Bxe7 Qxe7 10. O-O Nd7 11. f4 Ndf6 12. Bxe4 dxe4 13. Qb3 c5 14. Rad1 Rd8
15. dxc5 Bd7 16. Qa3 Rdc8 17. b4 a5 18. b5 b6 19. Rd6 bxc5 20. Rfd1 1/2-1/2

[Event "16. Obert Int. Sant Martí 2014 Grupo B"]
[Site "Barcelona ESP"]
[Date "2014.07.17"]
[Round "5.31"]
[White "Riera Danes, Manel"]
[Black "Sanchez Paz, Josep"]
[Result "1/2-1/2"]
[WhiteElo "2048"]
[BlackElo "1882"]
[PlyCount "110"]
[EventDate "2014.07.13"]
[EventType "swiss"]
[EventRounds "9"]
[EventCountry "ESP"]
[Source "lmi"]
[SourceDate "2014.07.13"]

1. e4 c5 2. Nf3 Nc6 3. d4 cxd4 4. Nxd4 Nf6 5. Nc3 e5 6. Ndb5 d6 7. Bg5 a6 8.
Na3 b5 9. Bxf6 gxf6 10. Nd5 f5 11. Bd3 Be6 12. c3 Rg8 13. g3 f4 14. Nc2 Bg4 15.
Be2 Be6 16. Qd3 Bh6 17. Ncb4 Nxb4 18. Nxb4 Bc4 19. Qd1 Bxe2 20. Qxe2 Rg6 21.
Nxa6 Qb6 22. Nb4 Kf8 23. Rd1 Qb7 24. Rd5 f5 25. exf5 Rxa2 26. O-O Rg5 27. Rxb5
Rxb2 28. Qc4 Qf7 29. Qc6 Kg8 30. Qxd6 Bf8 31. Qxe5 fxg3 32. hxg3 h5 33. Qe4 Rg4
34. Qf3 Bxb4 35. Rxb4 Rbxb4 36. cxb4 Rxb4 37. Rd1 h4 38. Qd5 hxg3 39. Qxf7+
Kxf7 40. fxg3 Rb2 41. Rf1 Kf6 42. Rf3 Rb5 43. g4 Rb4 44. Rg3 Rf4 45. Kg2 Kg5
46. Kh3 Rf1 47. Kg2 Rf4 48. Kg1 Kh4 49. Kh2 Kg5 50. Rg2 Rf1 51. Kg3 Rf4 52. Rf2
Rxg4+ 53. Kh3 Rh4+ 54. Kg2 Rg4+ 55. Kf1 Kf6 1/2-1/2

[Event "16. Obert Int. Sant Martí 2014 Grupo B"]
[Site "Barcelona ESP"]
[Date "2014.07.17"]
[Round "5.32"]
[White "Delgado Camara, Luis Felix"]
[Black "Llopis Jordan, Lluis"]
[Result "1/2-1/2"]
[WhiteElo "2047"]
[BlackElo "1908"]
[PlyCount "64"]
[EventDate "2014.07.13"]
[EventType "swiss"]
[EventRounds "9"]
[EventCountry "ESP"]
[Source "lmi"]
[SourceDate "2014.07.13"]

1. e4 c6 2. d4 d5 3. f3 e6 4. Be3 dxe4 5. Nd2 Nd7 6. fxe4 b6 7. Ngf3 Ngf6 8.
Bd3 Bb7 9. O-O h6 10. Ne5 Qc7 11. Ndc4 Be7 12. Nxf7 Kxf7 13. e5 Rhf8 14. exf6
Nxf6 15. Qh5+ Kg8 16. Qg6 Bd6 17. Bxh6 Bxh2+ 18. Kh1 Qg3 19. Qxg7+ Qxg7 20.
Bxg7 Kxg7 21. Kxh2 Rh8+ 22. Kg1 Rh4 23. c3 c5 24. dxc5 bxc5 25. Ne5 Rah8 26.
Rae1 Bxg2 27. Kxg2 Rh2+ 28. Kg3 R8h3+ 29. Kf4 Nd5+ 30. Kg4 Rh4+ 31. Kf3 R4h3+
32. Kg4 Rh4+ 1/2-1/2

[Event "16. Obert Int. Sant Martí 2014 Grupo B"]
[Site "Barcelona ESP"]
[Date "2014.07.17"]
[Round "5.33"]
[White "Flores Muñoz, Daniel"]
[Black "Cano Sevila, Ivan"]
[Result "0-1"]
[WhiteElo "1899"]
[BlackElo "2039"]
[PlyCount "80"]
[EventDate "2014.07.13"]
[EventType "swiss"]
[EventRounds "9"]
[EventCountry "ESP"]
[Source "lmi"]
[SourceDate "2014.07.13"]

1. d4 e5 2. dxe5 Nc6 3. Nf3 Qe7 4. Nc3 Nxe5 5. Nxe5 Qxe5 6. g3 Bb4 7. Qd3 Nf6
8. Bf4 Qe4 9. f3 Qxd3 10. cxd3 Nd5 11. Bd2 Nxc3 12. Bxc3 Bxc3+ 13. bxc3 d5 14.
Bg2 c6 15. Kf2 f5 16. Rac1 g5 17. Rhe1 Be6 18. e4 fxe4 19. dxe4 O-O-O 20. exd5
Bxd5 21. Re7 Bxa2 22. Rc2 Bc4 23. Rb2 Ba6 24. Bf1 Rde8 25. Rf7 Ref8 26. Bh3+
Kb8 27. Rd7 h5 28. Bf1 Kc8 29. Rg7 Bxf1 30. Rbxb7 Bh3 31. Rxa7 Kd8 32. g4 Bxg4
33. Ra8+ Bc8 34. Rxg5 Rf6 35. c4 Rhf8 36. Ra3 Bg4 37. Ra8+ Kc7 38. Rg7+ Kb6 39.
c5+ Kxc5 40. Rg5+ Kd6 0-1

[Event "16. Obert Int. Sant Martí 2014 Grupo B"]
[Site "Barcelona ESP"]
[Date "2014.07.17"]
[Round "5.34"]
[White "Ferre Navarro, Joan"]
[Black "Ayza Casamitjana, Antoni"]
[Result "0-1"]
[WhiteElo "1846"]
[BlackElo "2017"]
[PlyCount "82"]
[EventDate "2014.07.13"]
[EventType "swiss"]
[EventRounds "9"]
[EventCountry "ESP"]
[Source "lmi"]
[SourceDate "2014.07.13"]

1. e4 c5 2. Nf3 e6 3. d4 cxd4 4. Nxd4 Nf6 5. Nc3 Nc6 6. Bg5 Qa5 7. Bxf6 gxf6 8.
Nb3 Qg5 9. Nb5 Qe5 10. Nc3 Bb4 11. Qd3 f5 12. Nd2 d5 13. f3 dxe4 14. fxe4 fxe4
15. Qxe4 Bxc3 16. bxc3 Qxc3 17. O-O-O Bd7 18. Kb1 Rc8 19. Qd3 Qxd3 20. Bxd3 Nb4
21. Ne4 Ke7 22. a3 Nxd3 23. Rxd3 Bc6 24. Re1 Rhg8 25. g3 Rg4 26. Nc3 Rc4 27.
Kb2 a6 28. Re2 b5 29. Nd5+ Bxd5 30. Rxd5 Rxc2+ 31. Rxc2 Rxc2+ 32. Kxc2 exd5 33.
Kd3 Kd6 34. Kd4 a5 35. h3 b4 36. axb4 axb4 37. g4 Ke6 38. h4 Kf6 39. Kd3 Ke5
40. Ke3 d4+ 41. Kd3 b3 0-1

[Event "16. Obert Int. Sant Martí 2014 Grupo B"]
[Site "Barcelona ESP"]
[Date "2014.07.17"]
[Round "5.35"]
[White "Serra Vilaro, Agusti"]
[Black "Maltsev, Andrey"]
[Result "1/2-1/2"]
[WhiteElo "2013"]
[BlackElo "1867"]
[PlyCount "68"]
[EventDate "2014.07.13"]
[EventType "swiss"]
[EventRounds "9"]
[EventCountry "ESP"]
[Source "lmi"]
[SourceDate "2014.07.13"]

1. d4 Nf6 2. c3 g6 3. Nd2 Bg7 4. e4 d6 5. f4 O-O 6. Ngf3 Bg4 7. Bd3 e5 8. fxe5
dxe5 9. d5 c6 10. c4 cxd5 11. cxd5 Nbd7 12. O-O Nc5 13. Bc2 Qb6 14. Nc4 Bxf3
15. Qxf3 Qb4 16. b3 Nfd7 17. a4 Nxe4 18. Ba3 Qc3 19. Qxe4 f5 20. Qd3 Qxd3 21.
Bxd3 e4 22. Be2 Bxa1 23. Rxa1 Rfd8 24. g4 Nf6 25. gxf5 Nxd5 26. fxg6 hxg6 27.
Ne5 Nf4 28. Bc4+ Kh7 29. Rf1 g5 30. h4 Rd2 31. hxg5 Nh3+ 32. Kh1 Nf2+ 33. Kg1
Nh3+ 34. Kh1 Nf2+ 1/2-1/2

[Event "16. Obert Int. Sant Martí 2014 Grupo B"]
[Site "Barcelona ESP"]
[Date "2014.07.17"]
[Round "5.36"]
[White "Valbuena Castro, Gregorio"]
[Black "Ramos Alvarez, Maximo"]
[Result "0-1"]
[WhiteElo "1851"]
[BlackElo "2001"]
[PlyCount "66"]
[EventDate "2014.07.13"]
[EventType "swiss"]
[EventRounds "9"]
[EventCountry "ESP"]
[Source "lmi"]
[SourceDate "2014.07.13"]

1. e4 e6 2. d4 d5 3. e5 c5 4. c3 Nc6 5. Nf3 Qb6 6. Bd3 cxd4 7. cxd4 Bd7 8. O-O
Nxd4 9. Nxd4 Qxd4 10. Nc3 a6 11. Qe2 Rc8 12. Rd1 Bc5 13. Bg5 h6 14. Bd2 Ne7 15.
Be1 Qh4 16. Rac1 Ba7 17. Kh1 Nc6 18. a3 Qg5 19. Bxa6 bxa6 20. Qxa6 Qxe5 21. Nb5
Bb8 22. g3 O-O 23. Bc3 d4 24. Nxd4 Nxd4 25. Rxd4 Bb5 26. Qb6 Bc7 27. Qb7 Qc5
28. Kg1 Bc6 29. Qb3 Qh5 30. Bb4 Ba8 31. Rh4 Qg5 32. Qd1 Rfd8 33. Qc2 Bxg3 0-1

[Event "16. Obert Int. Sant Martí 2014 Grupo B"]
[Site "Barcelona ESP"]
[Date "2014.07.17"]
[Round "5.38"]
[White "Torrents Señal, Marc"]
[Black "Sanchez Viana, Jordi"]
[Result "1-0"]
[WhiteElo "1991"]
[BlackElo "1862"]
[PlyCount "55"]
[EventDate "2014.07.13"]
[EventType "swiss"]
[EventRounds "9"]
[EventCountry "ESP"]
[Source "lmi"]
[SourceDate "2014.07.13"]

1. d4 d5 2. c4 e5 3. dxe5 d4 4. Nf3 c5 5. e3 Nc6 6. exd4 cxd4 7. a3 a5 8. Bd3
Nge7 9. O-O Ng6 10. b3 Be7 11. Re1 O-O 12. Bxg6 hxg6 13. Bb2 Bc5 14. Nbd2 Bf5
15. Ne4 Bxe4 16. Rxe4 d3 17. Ne1 Qb6 18. Nxd3 Rad8 19. Qc2 Bd4 20. Bc3 Rfe8 21.
Rae1 Bxc3 22. Qxc3 Nd4 23. b4 axb4 24. axb4 Ne6 25. c5 Qa6 26. Nb2 Rd7 27. Nc4
Ra8 28. Nb6 1-0

[Event "16. Obert Int. Sant Martí 2014 Grupo B"]
[Site "Barcelona ESP"]
[Date "2014.07.17"]
[Round "5.39"]
[White "Solís Calancha, Jordi"]
[Black "Poyato Ruiz, Fernando"]
[Result "0-1"]
[WhiteElo "1810"]
[BlackElo "1968"]
[PlyCount "91"]
[EventDate "2014.07.13"]
[EventType "swiss"]
[EventRounds "9"]
[EventCountry "ESP"]
[Source "lmi"]
[SourceDate "2014.07.13"]

1. d4 e6 2. c4 Nf6 3. Nc3 Bb4 4. Nf3 c5 5. a3 Bxc3+ 6. bxc3 d6 7. Qc2 Nc6 8.
Bg5 e5 9. e3 O-O 10. Bd3 h6 11. Bh4 Re8 12. dxe5 dxe5 13. Rd1 Qe7 14. Be4 Bg4
15. h3 Bxf3 16. gxf3 g5 17. Bg3 Nxe4 18. Qxe4 Qe6 19. h4 f5 20. Qd5 f4 21. Bh2
Rad8 22. Qxe6+ Rxe6 23. Rd5 Red6 24. e4 Kf7 25. Ke2 b6 26. Rhd1 Ke6 27. Rxd6+
Rxd6 28. Rxd6+ Kxd6 29. h5 Ne7 30. Kd2 Ng8 31. Kc2 Nf6 32. Kd2 Nxh5 33. Kd3 Ng7
34. Ke2 Ne6 35. Kd3 Nf8 36. Ke2 Ng6 37. Kf1 Kc6 38. Ke2 Nh4 39. Bg1 b5 40. Bh2
bxc4 41. a4 Kb6 42. Bg3 fxg3 43. fxg3 Ng6 44. Ke3 Ka5 45. f4 gxf4+ 46. gxf4 0-1

[Event "16. Obert Int. Sant Martí 2014 Grupo B"]
[Site "Barcelona ESP"]
[Date "2014.07.17"]
[Round "5.40"]
[White "Larios Jimenez, Rafael"]
[Black "Vicente Soriano, Josep"]
[Result "1-0"]
[WhiteElo "1791"]
[BlackElo "1962"]
[PlyCount "90"]
[EventDate "2014.07.13"]
[EventType "swiss"]
[EventRounds "9"]
[EventCountry "ESP"]
[Source "lmi"]
[SourceDate "2014.07.13"]

1. f4 Nf6 2. Nf3 c5 3. e3 Nc6 4. b3 g6 5. Bb2 Bg7 6. Bb5 O-O 7. O-O d6 8. Bxc6
bxc6 9. d3 Qc7 10. Nbd2 a5 11. Qe1 a4 12. Rb1 axb3 13. axb3 Re8 14. Nc4 Ba6 15.
e4 Bxc4 16. dxc4 e6 17. e5 dxe5 18. Nxe5 Nd7 19. Rd1 Nxe5 20. Bxe5 Bxe5 21.
Qxe5 Qxe5 22. fxe5 Red8 23. Rd6 Rxd6 24. exd6 Rd8 25. Rd1 f5 26. d7 Kf7 27. Rd6
Ke7 28. Rxc6 Rxd7 29. Rxc5 Rd1+ 30. Kf2 Kd6 31. Ke2 Rg1 32. b4 Rxg2+ 33. Kd3
Rxh2 34. Rc8 Rh3+ 35. Kd2 Rh2+ 36. Kc3 Rh3+ 37. Kb2 g5 38. b5 Kd7 39. Rc5 Kd6
40. Rc6+ Kd7 41. c5 Re3 42. Rd6+ Kc7 43. b6+ Kb7 44. Rd7+ Kc6 45. Rc7+ Kd5 1-0

[Event "16. Obert Int. Sant Martí 2014 Grupo B"]
[Site "Barcelona ESP"]
[Date "2014.07.17"]
[Round "5.41"]
[White "Castaño Jimenez, Andreu"]
[Black "Calafell Marques, Josep"]
[Result "0-1"]
[WhiteElo "1779"]
[BlackElo "1950"]
[PlyCount "62"]
[EventDate "2014.07.13"]
[EventType "swiss"]
[EventRounds "9"]
[EventCountry "ESP"]
[Source "lmi"]
[SourceDate "2014.07.13"]

1. e4 c5 2. Nf3 d6 3. Bb5+ Nd7 4. O-O a6 5. Bxd7+ Bxd7 6. d4 e6 7. Nc3 Be7 8.
Qd3 Qc7 9. Be3 c4 10. Qd2 Nf6 11. e5 dxe5 12. dxe5 Ng4 13. Bg5 Nxe5 14. Bxe7
Nxf3+ 15. gxf3 Kxe7 16. Rfe1 Bc6 17. Qg5+ Kf8 18. Qc5+ Qe7 19. Qxc4 Bxf3 20.
Qf4 Qf6 21. Qxf6 gxf6 22. Re3 Rg8+ 23. Kf1 Bc6 24. Rd1 Kg7 25. Rd4 Kh8 26. Rf4
f5 27. Ne2 Rad8 28. Nd4 Be4 29. Nb3 Rg1+ 30. Ke2 Bxc2 31. Nc5 Bd1# 0-1

[Event "16. Obert Int. Sant Martí 2014 Grupo B"]
[Site "Barcelona ESP"]
[Date "2014.07.17"]
[Round "5.42"]
[White "Garcia Punzano, Josep Lluis"]
[Black "Romeo Ros, Joaquim"]
[Result "1-0"]
[WhiteElo "1950"]
[BlackElo "1858"]
[PlyCount "85"]
[EventDate "2014.07.13"]
[EventType "swiss"]
[EventRounds "9"]
[EventCountry "ESP"]
[Source "lmi"]
[SourceDate "2014.07.13"]

1. d4 d5 2. Nf3 Nf6 3. Bf4 Nc6 4. e3 e6 5. Bd3 Bd6 6. Ne5 Bxe5 7. dxe5 Nd7 8.
Qg4 Ncxe5 9. Qxg7 Nxd3+ 10. cxd3 Qf6 11. Qxf6 Nxf6 12. Bxc7 Rg8 13. O-O Bd7 14.
Nd2 Bb5 15. Be5 Nd7 16. Bg3 Bxd3 17. Rfc1 Bb5 18. a4 Bc6 19. b4 Nb6 20. a5 Nd7
21. Nb3 a6 22. Nd4 Rc8 23. b5 axb5 24. Nxb5 Ke7 25. Nd6 Ra8 26. a6 e5 27. Nxb7
Rgc8 28. f4 f6 29. fxe5 Nxe5 30. Bxe5 fxe5 31. Na5 Rxa6 32. Nxc6+ Rcxc6 33.
Rxa6 Rxc1+ 34. Kf2 Rc7 35. Rh6 Ke8 36. g4 Rf7+ 37. Ke2 e4 38. Rh5 Rd7 39. Kd2
Kf7 40. Kc3 d4+ 41. exd4 Re7 42. Re5 Rxe5 43. dxe5 1-0

[Event "16. Obert Int. Sant Martí 2014 Grupo B"]
[Site "Barcelona ESP"]
[Date "2014.07.17"]
[Round "5.43"]
[White "Perez Garcia, Jose Miguel"]
[Black "Pascual Gonzalez-Novelles, David"]
[Result "1-0"]
[WhiteElo "1945"]
[BlackElo "1855"]
[PlyCount "113"]
[EventDate "2014.07.13"]
[EventType "swiss"]
[EventRounds "9"]
[EventCountry "ESP"]
[Source "lmi"]
[SourceDate "2014.07.13"]

1. d4 d5 2. Nf3 Nc6 3. Bf4 e6 4. e3 Nf6 5. c3 Be7 6. Bb5 Bd7 7. h3 a6 8. Bxc6
Bxc6 9. Ne5 O-O 10. Nd2 Nd7 11. Nxc6 bxc6 12. Qa4 c5 13. Qc6 cxd4 14. cxd4 Ra7
15. O-O Nb8 16. Qc3 Bd6 17. Bxd6 Qxd6 18. Rfc1 c6 19. b4 f6 20. Nb3 Rc8 21. Rc2
Nd7 22. Rac1 Nb6 23. Na5 Rac7 24. Qc5 Qxc5 25. Rxc5 Kf8 26. Rxc6 Rxc6 27. Rxc6
Rxc6 28. Nxc6 Nd7 29. Kf1 e5 30. dxe5 fxe5 31. f4 exf4 32. exf4 Kf7 33. Ne5+
Nxe5 34. fxe5 Ke6 35. Ke2 Kxe5 36. Kd3 g5 37. a4 d4 38. b5 a5 39. b6 Kd6 40. b7
Kc7 41. b8=Q+ Kxb8 42. Kxd4 Kb7 43. Kc5 Ka6 44. Kc6 h5 45. g3 g4 46. h4 Ka7 47.
Kb5 Kb7 48. Kxa5 Kc6 49. Kb4 Kb6 50. Kc4 Ka5 51. Kd5 Kxa4 52. Ke5 Kb5 53. Kf5
Kc6 54. Kg5 Kd6 55. Kxh5 Ke6 56. Kxg4 Kf6 57. Kf4 1-0

[Event "16. Obert Int. Sant Martí 2014 Grupo B"]
[Site "Barcelona ESP"]
[Date "2014.07.17"]
[Round "5.44"]
[White "Tortosa Moros, Joan"]
[Black "Molina Mañas, Miquel"]
[Result "1/2-1/2"]
[WhiteElo "1941"]
[BlackElo "1832"]
[PlyCount "46"]
[EventDate "2014.07.13"]
[EventType "swiss"]
[EventRounds "9"]
[EventCountry "ESP"]
[Source "lmi"]
[SourceDate "2014.07.13"]

1. e4 e6 2. d4 d5 3. Nc3 Bb4 4. e5 c5 5. a3 Bxc3+ 6. bxc3 b6 7. Qg4 Kf8 8. Nf3
h5 9. Qf4 Nh6 10. Bd3 c4 11. Bg6 Nf5 12. Bxf5 exf5 13. a4 Be6 14. Ba3+ Kg8 15.
O-O Rh6 16. Rfb1 Nc6 17. Rb2 Rg6 18. h3 Rb8 19. Bd6 Ra8 20. Rab1 Na5 21. Bb4
Nc6 22. Ba3 Na5 23. Bd6 Nc6 1/2-1/2

[Event "16. Obert Int. Sant Martí 2014 Grupo B"]
[Site "Barcelona ESP"]
[Date "2014.07.17"]
[Round "5.45"]
[White "Pascual Duran, Pau"]
[Black "Romero Funieles, Rafael De Jesus"]
[Result "0-1"]
[WhiteElo "1762"]
[BlackElo "1939"]
[PlyCount "104"]
[EventDate "2014.07.13"]
[EventType "swiss"]
[EventRounds "9"]
[EventCountry "ESP"]
[Source "lmi"]
[SourceDate "2014.07.13"]

1. e4 e5 2. Nf3 d6 3. d4 exd4 4. Nxd4 Be7 5. Nc3 Nf6 6. f3 O-O 7. Be3 c5 8. Nb3
a6 9. a4 Be6 10. Nd5 Bxd5 11. exd5 Nbd7 12. c4 Ne5 13. Be2 Rb8 14. Nd2 b5 15.
axb5 axb5 16. b3 b4 17. O-O Re8 18. Qe1 Ng6 19. f4 Nd7 20. Qg3 Bf6 21. Ra6 Qe7
22. Bg4 Nb6 23. Bf2 Qb7 24. Rfa1 Bxa1 25. Rxa1 Ra8 26. Rf1 Ra2 27. Nf3 Rb2 28.
f5 Ne5 29. f6 Nxf3+ 30. gxf3 g6 31. Qh4 Kh8 32. Qh6 Rg8 33. Re1 Qa7 34. Re8
Qa1+ 35. Kg2 Rxf2+ 36. Kxf2 Qxf6 37. Rf8 Qg7 38. Qxg7+ Kxg7 39. Rxg8+ Kxg8 40.
Kg3 f5 41. Bh3 Kg7 42. Kh4 Kf6 43. f4 Nd7 44. Bf1 h6 45. Kg3 g5 46. Be2 Kg6 47.
h3 Nf6 48. Bf3 Nh5+ 49. Bxh5+ Kxh5 50. h4 g4 51. Kh2 Kxh4 52. Kg2 g3 0-1

[Event "16. Obert Int. Sant Martí 2014 Grupo B"]
[Site "Barcelona ESP"]
[Date "2014.07.17"]
[Round "5.46"]
[White "Martinez Ferrer, Rafael"]
[Black "Rey Plaza, Sergio"]
[Result "0-1"]
[WhiteElo "1931"]
[BlackElo "1831"]
[PlyCount "92"]
[EventDate "2014.07.13"]
[EventType "swiss"]
[EventRounds "9"]
[EventCountry "ESP"]
[Source "lmi"]
[SourceDate "2014.07.13"]

1. e4 e6 2. d4 d5 3. Nc3 dxe4 4. Nxe4 Bd7 5. Nf3 Bc6 6. Bd3 Nd7 7. c3 Ngf6 8.
Nxf6+ Nxf6 9. Bg5 Be7 10. Qe2 Bxf3 11. Qxf3 c6 12. O-O Qa5 13. Bd2 O-O 14. a4
Rfd8 15. b4 Qh5 16. Qxh5 Nxh5 17. Be2 Nf6 18. Bg5 Nd5 19. Bxe7 Nxe7 20. Bf3 Nd5
21. Rac1 Rab8 22. b5 Kf8 23. c4 Ne7 24. Rfd1 Rd6 25. Rc2 Rbd8 26. Rcd2 Nf5 27.
d5 cxd5 28. cxd5 Ne7 29. Rc2 Nxd5 30. g3 b6 31. Rdc1 Ke7 32. Kg2 Kf6 33. Rc4
R8d7 34. R1c2 Rd8 35. h3 R6d7 36. Kh2 g6 37. Kg2 h5 38. h4 Kg7 39. Re2 Kf6 40.
Rec2 Ke7 41. Re2 f5 42. Rc6 Nc7 43. Re3 Kf7 44. Re2 Re7 45. Rec2 Nd5 46. Rd2
Ne3+ 0-1

[Event "16. Obert Int. Sant Martí 2014 Grupo B"]
[Site "Barcelona ESP"]
[Date "2014.07.17"]
[Round "5.47"]
[White "Gomez Albamonte, Sonia"]
[Black "Arroyo Morales, Jaime"]
[Result "0-1"]
[WhiteElo "1700"]
[BlackElo "1923"]
[PlyCount "112"]
[EventDate "2014.07.13"]
[EventType "swiss"]
[EventRounds "9"]
[EventCountry "ESP"]
[Source "lmi"]
[SourceDate "2014.07.13"]

1. d4 Nf6 2. c4 e6 3. Nc3 Bb4 4. Bd2 Bxc3 5. Bxc3 d5 6. e3 O-O 7. Nf3 b6 8. Be2
Bb7 9. O-O Nbd7 10. Rc1 dxc4 11. Bxc4 Nd5 12. Re1 N7f6 13. Bd3 Nxc3 14. bxc3
Bxf3 15. Qxf3 c5 16. Bc4 cxd4 17. cxd4 Rc8 18. h3 Rc7 19. Red1 Qe7 20. Bb3 Rfc8
21. Rxc7 Qxc7 22. e4 Rd8 23. e5 Nd5 24. Qe4 Nc3 25. Qc2 Rc8 26. Re1 Nb5 27. Qd3
Qc3 28. Qxc3 Rxc3 29. Rd1 Kf8 30. Kf1 Nc7 31. Ke2 Nd5 32. Bxd5 exd5 33. Rd2 Ke7
34. Rb2 f6 35. f4 Rg3 36. Kf2 Rd3 37. Rc2 Rxd4 38. Rc7+ Ke6 39. exf6 Rxf4+ 40.
Kg3 Rxf6 41. Rxa7 Rf7 42. Ra6 Rb7 43. Kf2 Kd6 44. Ke3 Kc5 45. Ra3 d4+ 46. Kd3
Re7 47. Kd2 Rf7 48. Rg3 Ra7 49. a3 Kc4 50. Kc2 Rf7 51. Rf3 Rxf3 52. gxf3 d3+
53. Kd1 Kc3 54. h4 h5 55. f4 d2 56. f5 b5 0-1

[Event "16. Obert Int. Sant Martí 2014 Grupo B"]
[Site "Barcelona ESP"]
[Date "2014.07.17"]
[Round "5.48"]
[White "Clifford, Neil"]
[Black "Mas Sayos, Lluis"]
[Result "1-0"]
[WhiteElo "1923"]
[BlackElo "1823"]
[PlyCount "133"]
[EventDate "2014.07.13"]
[EventType "swiss"]
[EventRounds "9"]
[EventCountry "ESP"]
[Source "lmi"]
[SourceDate "2014.07.13"]

1. e4 c5 2. d4 cxd4 3. c3 dxc3 4. Nxc3 a6 5. Bc4 e6 6. Nf3 Qc7 7. Qe2 b5 8. Bb3
Bb7 9. O-O Bc5 10. Bg5 Nc6 11. Rac1 Be7 12. Rfd1 Bxg5 13. Nxg5 Nge7 14. Kh1 h6
15. Nf3 O-O 16. Ne1 Rac8 17. Nd3 d6 18. Qe3 Qb8 19. Nf4 Nd8 20. Nh5 Ng6 21. a3
Rc5 22. Ng3 Ne5 23. Qd4 Nc4 24. Bxc4 Rxc4 25. Qxd6 Qc8 26. Qf4 f5 27. Qe5 Nf7
28. Qf4 g5 29. Qd2 Ne5 30. Qd6 Nf7 31. Qd7 Ne5 32. Qxc8 Rfxc8 33. exf5 Rf4 34.
fxe6 Rxf2 35. Nge4 Rxb2 36. e7 Kf7 37. Nd6+ Kxe7 38. Nxb7 Nc4 39. Re1+ Kd7 40.
Rcd1+ Nd2 41. Ne4 Rcc2 42. Re2 Kc7 43. Rexd2 Kxb7 44. Rxc2 Rxc2 45. h3 Kb6 46.
Rd6+ Ka5 47. Rxh6 Rc1+ 48. Kh2 Ra1 49. Nc5 Rxa3 50. Rxa6+ Kb4 51. Rxa3 Kxa3 52.
g3 Kb4 53. Nd3+ Kc4 54. Nc1 Kc3 55. h4 gxh4 56. gxh4 Kd4 57. Kg3 Ke5 58. Nd3+
Kf5 59. Nb4 Kg6 60. Kg4 Kh6 61. h5 Kg7 62. Kg5 Kh7 63. h6 Kh8 64. Kg6 Kg8 65.
h7+ Kh8 66. Nc6 b4 67. Ne5 1-0

[Event "16. Obert Int. Sant Martí 2014 Grupo B"]
[Site "Barcelona ESP"]
[Date "2014.07.17"]
[Round "5.49"]
[White "Zia, Tahsin Tajwar"]
[Black "Fuentes Barrientos, Carlos"]
[Result "0-1"]
[WhiteElo "1258"]
[BlackElo "1915"]
[PlyCount "68"]
[EventDate "2014.07.13"]
[EventType "swiss"]
[EventRounds "9"]
[EventCountry "ESP"]
[Source "lmi"]
[SourceDate "2014.07.13"]

1. d4 Nf6 2. e3 d5 3. Bd3 c5 4. c3 c4 5. Bc2 Bg4 6. Nf3 Nc6 7. Nbd2 e5 8. dxe5
Nxe5 9. Ba4+ Nfd7 10. Bxd7+ Nxd7 11. Qc2 Nc5 12. O-O Bd6 13. Nd4 O-O 14. h3 Bh5
15. b4 Nd3 16. e4 Bg6 17. f3 Qh4 18. Rd1 Qf2+ 19. Kh1 Qg3 20. Nf1 Nf2+ 21. Kg1
Nxh3+ 22. Kh1 Qh4 23. gxh3 Qxh3+ 24. Kg1 dxe4 25. fxe4 Rae8 26. Re1 f5 27. Nb5
Bb8 28. Na3 fxe4 29. Nxc4 Re6 30. Qg2 Qxc3 31. Ncd2 Qxa1 32. a3 Qd4+ 33. Kh1 e3
34. Nf3 Rxf3 0-1

[Event "16. Obert Int. Sant Martí 2014 Grupo B"]
[Site "Barcelona ESP"]
[Date "2014.07.17"]
[Round "5.50"]
[White "Collell Rodriguez, Victor"]
[Black "Sanz Ogaya, Mario"]
[Result "1-0"]
[WhiteElo "1911"]
[BlackElo "1700"]
[PlyCount "83"]
[EventDate "2014.07.13"]
[EventType "swiss"]
[EventRounds "9"]
[EventCountry "ESP"]
[Source "lmi"]
[SourceDate "2014.07.13"]

1. e4 Nf6 2. d3 d6 3. f4 Nc6 4. Nc3 g6 5. Nf3 Bg7 6. h3 e5 7. fxe5 dxe5 8. Be3
Nh5 9. g4 Ng3 10. Rg1 Nxf1 11. Rxf1 h6 12. Qd2 Be6 13. O-O-O Nd4 14. Bxd4 exd4
15. Ne2 h5 16. Qb4 hxg4 17. Nfxd4 gxh3 18. Nxe6 fxe6 19. Qb5+ Qd7 20. Qxd7+
Kxd7 21. Rf7+ Kd6 22. Rxg7 h2 23. Rh1 Raf8 24. Rxg6 Rf2 25. Kd2 Rh3 26. Ke1 Rf7
27. Rg2 Rfh7 28. Nd4 Kd7 29. Ke2 R3h5 30. Nf3 Rb5 31. b3 Ra5 32. a4 Rc5 33. Ke3
Kd6 34. Rhxh2 Re7 35. e5+ Kc6 36. Rg4 b5 37. axb5+ Kxb5 38. Kd2 Kb6 39. Rhh4 a5
40. Rc4 Rb5 41. Nd4 Rxe5 42. Nc6 1-0